000 00767nam a2200241 i 4500
003 DO-SdBNP
005 20250129073606.0
007 ta
008 241016b1977 dr ||||| |||| 00| 0 spa d
040 _aDO-SdBNP
_bspa
_cBNPHU
_erda
082 4 _axxx
_bxxx
_222
245 0 0 _aUlises Heureaux. Lilis :
_bcartas y comunicaciones /
_cedición y presentación, Juan Daniel Balcácer
250 _aPrimera edición
264 4 _aSanto Domingo :
_bEditora Cosmos,
_c1977.
300 _a75 páginas ;
_c22 cm.
336 _atexto
_btxt
_2rdacontent
337 _asin mediación
_bn
_2rdamedia
338 _avolumen
_bnc
_2rdacarrier
590 _aInventariado, 2024/BT
700 1 _aBalcácer, Juan Daniel,
_d1949-
_eeditor
_4ed.
_96566
910 _aBtavárez
942 _2ddc
_cLBS1
999 _c57883
_d57883